Guidance workers certification requirements. (Record no. 22278)

MARC details
000 -LEADER
fixed length control field 00947cam a22002411 4500
001 - CONTROL NUMBER
control field e 57000035
003 - CONTROL NUMBER IDENTIFIER
control field DLC
005 - DATE AND TIME OF LATEST TRANSACTION
control field 20260227111236.0
008 - FIXED-LENGTH DATA ELEMENTS--GENERAL INFORMATION
fixed length control field 800130s1957 dcu 000 0 eng
010 ## - LIBRARY OF CONGRESS CONTROL NUMBER
LC control number e 57000035
035 ## - SYSTEM CONTROL NUMBER
System control number (OCoLC)5927588
040 ## - CATALOGING SOURCE
Original cataloging agency DLC
Transcribing agency ArU
Modifying agency OCoLC
-- OrPS
-- DLC
042 ## - AUTHENTICATION CODE
Authentication code premarc
050 00 - LIBRARY OF CONGRESS CALL NUMBER
Classification number L111
Item number .A6 1957, no. 22
100 1# - MAIN ENTRY--PERSONAL NAME
Personal name Brewster, Royce Edwin,
Dates associated with a name 1899-
245 10 - TITLE STATEMENT
Title Guidance workers certification requirements.
260 ## - PUBLICATION, DISTRIBUTION, ETC.
Place of publication, distribution, etc. [Washington]
Name of publisher, distributor, etc. U.S. Dept. of Health, Education, and Welfare, Office of Education
Date of publication, distribution, etc. [1957]
300 ## - PHYSICAL DESCRIPTION
Extent vi, 58 p.
Dimensions 24 cm.
490 0# - SERIES STATEMENT
Series statement U. S. Office of Education. Bulletin 1957,
Volume/sequential designation no. 22
501 ## - WITH NOTE
With note Copies 1 and 2 of L111.A6 with: Conservation experiences for children / Effie G. Bathurst and Wihelmina Hill. Washington : Govt. Print. Off., 1957. Bound together subsequent to publication.
Institution to which field applies DLC
650 #0 - SUBJECT ADDED ENTRY--TOPICAL TERM
Topical term or geographic name entry element Educational counseling.
650 #0 - SUBJECT ADDED ENTRY--TOPICAL TERM
Topical term or geographic name entry element Teachers
General subdivision Certification.

No items available.

Powered by Koha